000 00305nam a22001097a 4500
082 _a355.02 DAL'H
100 _aDALVI, J. P BRIGADIER
_977729
245 _aHIMALAYA BLUNDER THE CURTAIN RAISER TO THE SINO INDIAN WAR OF 1962OVIET CONTEST
260 _aBOMBAY
_bTHACKER
_c1969
300 _a506P
942 _cBK
999 _c582943
_d582943